| 000 | 00398nam a2200133Ia 4500 | ||
|---|---|---|---|
| 005 | 20260328101450.0 | ||
| 008 | 260328s9999||||xx |||||||||||||| ||und|| | ||
| 100 | _aTéllez Castañeda, Germán | ||
| 245 | 0 |
_aCasa de Hacienda : _b Arquitectura en el Campo Colombiano / _cGermán Téllez Castañeda |
|
| 260 | _bVillegas Editores | ||
| 300 | _a303 p. | ||
| 650 | _aARQUITECTURA VERNACULAR | ||
| 942 | _cBK | ||
| 999 |
_c8621 _d8621 |
||